000 01083nam a2200301 i 4500
001 000007059
003 DO-SdBNP
005 20260422135915.0
007 ta
008 090904s2001 dr 000 0 spa d
020 _a9993433306
040 _aDO-SdBNP
_bspa
_cBNPHU
_erda
041 _aspa
082 4 _a001.4
_bP644t 2001
_222
100 1 _aPimentel, Rubén Darío
_919624
245 1 0 _aTesis :
_bguía para su elaboración y redacción /
_cRubén Darío Pimentel ; prólogo Fernando Sánchez Martínez.
264 _aSanto Domingo, República Dominicana :
_bMediabyte, S.A.,
_c2001.
300 _a347 páginas :
_bilustraciones, gráficas , tablas ;
_c21 cm.
336 _atexto
_btxt
_2rdacontent
337 _asin mediación
_bn
_2rdamedia
338 _avolumen
_bnc
_2rdacarrier
500 _aIncluye notas al pie de las páginas
590 _aInventariado,2018/DG
650 4 _aTesis y disertaciones academicas
_xManuales
_919628
700 1 _aSánchez Martínez, Fernando
_eprologuista
_97183
_4pr.
910 _aValidado. Control de calidad MFF
942 _2ddc
_cLBS1
999 _c6842
_d6842